[Event "BRA-ch U18 Girls"]
[Site "Aracaju"]
[Date "2024.05.23"]
[Round "4"]
[White "Figueiredo, Maria Fernanda Brit"]
[Black "Barradas, Emilli Nathalya Ara"]
[Result "1-0"]
[WhiteElo "1800"]
[BlackElo "1792"]
[PlyCount "131"]
[EventDate "2024.05.22"]
[EventType "swiss"]
[EventRounds "6"]
[EventCountry "BRA"]
[SourceTitle "CB22_2024"]
[SourceDate "2024.05.29"]
[SourceVersion "1"]
[SourceVersionDate "2024.05.29"]
[SourceQuality "1"]

1. e4 e6 2. Nf3 Nf6 3. Nc3 Bb4 4. d3 Bxc3+ 5. bxc3 d5 6. e5 Nfd7 7. d4 c6 8. Be2 0-0 9. 0-0 b5 10. Bd3 g6 11. Qd2 f6 12. Qh6 Qe7 13. exf6 Nxf6 14. Re1 Qg7 15. Qh4 Na6 16. Bh6 Qf7 17. Bxf8 Qxf8 18. Re2 Nh5 19. Ng5 Qf6 20. Rae1 Qf4 21. Qxf4 Nxf4 22. Re3 h6 23. Nf3 b4 24. g3 Nh3+ 25. Kg2 Ng5 26. Nxg5 hxg5 27. Bxg6 bxc3 28. Rxc3 Bd7 29. h4 gxh4 30. gxh4 Nc7 31. Rg3 Be8 32. Bxe8+ Kh7 33. Bxc6 Rg8 34. Rxg8 Kxg8 35. Kg3 a5 36. Kg4 Kf8 37. h5 a4 38. Kg5 Kg7 39. Bd7 a3 40. Bxe6 Ne8 41. Bxd5 Nf6 42. Bc6 Ng8 43. d5 Nh6 44. d6 Nf7+ 45. Kf5 Nxd6+ 46. Ke5 Nf7+ 47. Kd5 Kh6 48. c4 Ng5 49. c5 Nf3 50. Re7 Kxh5 51. Be8+ Kh4 52. Rf7 Ng5 53. c6 Nxf7 54. Bxf7 Kg4 55. c7 Kf3 56. c8Q Ke2 57. Bh5+ Kd3 58. Qc4+ Kd2 59. Qe4 Kc1 60. Qc4+ Kd2 61. Qe2+ Kc3 62. Qc4+ Kd2 63. Kc5 Ke1 64. f4 Kd2 65. f5 Ke1 66. Qe2# 1-0

[Event "BRA-ch U18 Girls"]
[Site "Aracaju"]
[Date "2024.05.22"]
[Round "2"]
[White "Figueiredo, Maria Fernanda Brit"]
[Black "De Andrade, Isadora V Goncalves"]
[Result "0-1"]
[WhiteElo "1800"]
[BlackElo "1722"]
[PlyCount "64"]
[EventDate "2024.05.22"]
[EventType "swiss"]
[EventRounds "6"]
[EventCountry "BRA"]
[SourceTitle "CB22_2024"]
[SourceDate "2024.05.29"]
[SourceVersion "1"]
[SourceVersionDate "2024.05.29"]
[SourceQuality "1"]

1. e4 c5 2. Nf3 d6 3. Bc4 g6 4. 0-0 Bg7 5. d4 cxd4 6. Nxd4 Nf6 7. Nc3 0-0 8. Bg5 a6 9. Qd2 Re8 10. Rad1 b5 11. Bd5 Ra7 12. Rfe1 Bb7 13. Bb3 b4 14. Nd5 Nxd5 15. exd5 f6 16. Bh6 Bxh6 17. Qxh6 Bc8 18. Re6 Rf8 19. f4 Rf7 20. Re2 Qb6 21. Qh4 a5 22. Bc4 h5 23. Kh1 Rc7 24. Bd3 Qxd4 25. Ree1 Rg7 26. Bxg6 Qxb2 27. Qxh5 Rxc2 28. h3 Rxg2 29. Qf3 Rh2+ 30. Kg1 Rxg6+ 31. Kf1 Bxh3+ 32. Qxh3 Qf2# 0-1